000 00464nam a2200181Ia 4500
001 8491
005 20260306160613.0
008 260306t2013||||xx |||||||||||||| ||spa||
041 _aESP
082 _a371.1
_bM27H
100 _aOrtiz, Beatriz
_eAUT
245 0 _aHablar, leer y escribir:
_breflexiones y propuestas de escritura y oralidad
260 _c2013
300 _a143 páginas :
_c22 cm.
650 _aGEN
654 _aCED
942 _cLIB
_dJUS
_fJUS
_2ddc
_n
999 _c8491
_d8491